Inequalities : theory of majorization and its applications /

Guardado en:
Autor Principal: Marshall, Albert W.
Otros Autores: Olkin, Ingram.
Formato: Libro
Idioma:English
Publicado: New York : Academic Press, 1979.
Series:Mathematics in science and engineering ; v. 143.
Materias:
Acceso en línea:Publisher description
Etiquetas: Agregar Etiqueta
Sin Etiquetas, Sea el primero en etiquetar este registro!
LEADER 01133pam a2200277 a 4500
001 MAT.inmabb006297
008 790613s1979####nyu######b####001#0#eng##
005 20130404102838.0
245 1 0 |a Inequalities :  |b theory of majorization and its applications /  |c Albert W. Marshall, Ingram Olkin. 
260 |a New York :  |b Academic Press,  |c 1979. 
300 |a xx, 569 p. ;  |c 24 cm. 
440 0 |a Mathematics in science and engineering ;  |v v. 143. 
504 |a Bibliografía: p. 531-552. 
500 |a Incluye índices. 
505 0 |a 1. Theory of Majorization -- 2. Mathematical Applications -- 3. Stochastic Applications -- 4. Generalizations -- 5. Complementary Topics. 
510 4 |a MR,  |c 81b:00002 
020 |a 0124737501 
100 1 |a Marshall, Albert W. 
700 1 |a Olkin, Ingram. 
740 |a Majorization and its applications. 
650 0 |a Inequalities (Mathematics) 
084 |a 00A05 (05-02 15A42 15A45 52A40 60E15 65-02)  |2 msc2000 
010 |a  79050218  
040 |a DLC  |c DLC  |d DLC 
856 4 2 |3 Publisher description  |u http://www.loc.gov/catdir/description/els031/79050218.html 
859 |h 00A05  |i M367  |p A-6446  |b BIB. MATEMATICA